Geometry and image based view quality comparison for 3D models

Počítačová grafika. Metódy výberu najlepších obrázkov založených na geometrickej informácii. Výber najlepších obrázkov založený na geometrii. Výber najlepších obrázkov založených na predstave. Výsledky experimentov.

Guardado en:
Detalles Bibliográficos
Autor principal: Lacko, Ján
Otros Autores: Černeková, Zuzana, Maričák, Marián
Formato: Capítulo de libro
Lenguaje:inglés
Materias:
Etiquetas: Agregar Etiqueta
Sin Etiquetas, Sea el primero en etiquetar este registro!

MARC

LEADER 00000naa$a2200000$$$4500
001 0121920
005 20240502072400.2
041 0 |a eng 
044 |a SK 
245 1 0 |a Geometry and image based view quality comparison for 3D models  |c Ján Lacko, Zuzana Černeková, Marián Maričák 
520 |a Počítačová grafika. Metódy výberu najlepších obrázkov založených na geometrickej informácii. Výber najlepších obrázkov založený na geometrii. Výber najlepších obrázkov založených na predstave. Výsledky experimentov. 
610 2 0 |a grafika počítačová 
610 2 0 |a metódy 
610 2 0 |a imidž 
610 2 0 |a výskum 
100 1 |a Lacko, Ján 
700 1 |a Černeková, Zuzana 
700 1 |a Maričák, Marián